Composition CDM 2006 : France 1-0 Brésil - Statistiques

Statistiques générales
  • Ce quiz a été pris 232 fois
  • Le résultat moyen est 18 sur 30
Statistiques - réponses
Réponses % Correct
Zidane
99%
Barthez
97%
Henry
97%
Ronaldo
94%
Ronaldinho
93%
Ribery
91%
Thuram
87%
Makelele
86%
Roberto Carlos
82%
Vieira
82%
Cafu
79%
Dida
78%
Raymond Domenech
76%
Kaka
74%
Sagnol
70%
Malouda
67%
Abidal
61%
Gallas
56%
Juninho
54%
Lucio
51%
Wiltord
44%
Govou
37%
Adriano
36%
Robinho
35%
Ze Roberto
32%
Gilberto Silva
21%
Saha
18%
Juan
16%
Cicinho
7%
Carlos Alberto Pareira
5%
Aucun quiz correspondant
Distribution des résultats
% des personnes avec chaque résultat
Percentile par nombre de réponses
Votre historique - résultats
Vous n’avez pas pris ce quiz